000 01328cam a22003737a 4500
003 CHAP
005 20220329133917.0
008 971013s1976 r 00010 d
010 _a12585
011 _a13557
035 _a17629
040 _cCHAP
082 _a980.1
_bG5
100 0 0 _aGirard, Raphael.
_948124
245 0 _aHistoria de las civilizaciones antiguas de América; desde e sus orígenes
260 _amadrid :
_bItsmo,
_c1976
300 _a3 v.
_b: ilus.
490 0 _aColección colegio universitario
_v; 8-10
590 _aBATCH-UPD
_b10
_c20130110
_lUCH01
_h0256
590 _aBATCH-UPD
_b10
_c20130110
_lUCH01
_h1030
590 _aBATCH-UPD
_b10
_c20130410
_lUCH01
_h1352
590 _aBATCH-UPD
_b10
_c20130913
_lUCH01
_h2052
590 _aCONVERSION
_b10
_c20130109
_lUCH01
_h1308
650 1 4 _aAgricultura
_xHistoria.
_91507
650 1 4 _aAgricultura
_xHistoria
_xAmerica.
_91508
650 1 4 _aCivilización
_xAmérica.
_923559
650 1 4 _aIndios de América.
_957580
830 0 _aColección colegio universitario
_v; 8-10
_924758
901 _aBK
942 _cLIBRO
949 _a980.1 G5
_bBC
_cLIBRO
_d33724000139895
_eLIBRO
_fv.3
_h54021
_i17629
_si
949 _a980.1 G5
_bBC
_cLIBRO
_d33724000139903
_eLIBRO
_fv.2
_h54120
_i17629
_si
949 _a980.1 G5
_bBC
_cLIBRO
_d33724000906822
_eLIBRO
_fv.1
_h54019
_i17629
_si
999 _c12585
_d12585